Chris Hemsworth Movies - Sudden Death - Statistics

General Stats
  • This quiz has been taken 96 times
  • The average score is 8 of 20
Answers on the Grid
Answers color-coded by a green-red scale on the quiz's grid according to % correct below.
A Perfect Getaway
Thor
The Ugly Truth
Spiderhead
Men In Black: International
Red Notice
Furiosa: A Mad Max Saga
The Avengers
Lawless
Star Trek
Bad Times At The El Royale
This Means War
Red Dawn
The Cabin In The Woods
Blackhat
Cellular
Transformers One
Extraction
Triple Frontier
Ghosted
Black Adam
Vacation
The Other Guys
Ghostbusters
Thor: Ragnarok
12 Strong
Venom
Guardians Of The Galaxy
Captain America: Civil War
In The Heart Of The Sea
The Huntsman: Winter's War
Mirror Mirror
Oblivion
The Expendables
Snow White & The Huntsman
 
Answer Stats
Answer % Correct
Thor
96%
The Avengers
79%
Men In Black: International
77%
Thor: Ragnarok
67%
Furiosa: A Mad Max Saga
50%
Extraction
37%
Snow White & The Huntsman
33%
Spiderhead
31%
Star Trek
31%
The Cabin In The Woods
31%
In The Heart Of The Sea
29%
The Huntsman: Winter's War
29%
12 Strong
27%
Bad Times At The El Royale
27%
Blackhat
27%
Ghostbusters
27%
Red Dawn
27%
Transformers One
25%
Vacation
21%
A Perfect Getaway
15%
No matching quizzes found
Score Distribution
Percent of People with Each Score
Percentile by Number Answered
Your Score History
You have not taken this quiz